MARC details
| 000 -CABECERA |
| campo de control de longitud fija |
01383nam a2200325 i 4500 |
| 001 - NÚMERO DE CONTROL |
| campo de control |
000007050 |
| 003 - IDENTIFICADOR DEL NÚMERO DE CONTROL |
| campo de control |
DO-SdBNP |
| 005 - FECHA Y HORA DE LA ÚLTIMA TRANSACCIÓN |
| campo de control |
20260212102734.0 |
| 007 - CAMPO FIJO DE DESCRIPCIÓN FÍSICA--INFORMACIÓN GENERAL |
| campo de control de longitud fija |
ta |
| 008 - DATOS DE LONGITUD FIJA--INFORMACIÓN GENERAL |
| campo de control de longitud fija |
090904s1951 dr 000 0 spa d |
| 020 ## - NÚMERO INTERNACIONAL ESTÁNDAR DEL LIBRO |
| Número Internacional Estándar del Libro |
9993430021 |
| 040 ## - FUENTE DE LA CATALOGACIÓN |
| Centro catalogador/agencia de origen |
DO-SdBNP |
| Lengua de catalogación |
spa |
| Centro/agencia transcriptor |
BNPHU |
| Normas de descripción |
rda |
| 041 ## - CÓDIGO DE LENGUA |
| Código de lengua del texto/banda sonora o título independiente |
spa |
| 082 #4 - NÚMERO DE LA CLASIFICACIÓN DECIMAL DEWEY |
| Número de clasificación |
737.497293 |
| Número de documento/Ítem |
M742p |
| Número de edición |
22 |
| 245 03 - MENCIÓN DE TÍTULO |
| Título |
La moneda provincial de la isla Española : |
| Resto del título |
documentos |
| Mención de responsabilidad, etc. |
introducción histórica y notas de FR. Cipriano de Utrera. |
| 264 #1 - PRODUCCIÓN, PUBLICACIÓN, DISTRIBUCIÓN, FABRICACIÓN Y COPYRIGHT |
| Producción, publicación, distribución, fabricación y copyright |
Santo Domingo : |
| Nombre del de productor, editor, distribuidor, fabricante |
editor no identificado, |
| Fecha de producción, publicación, distribución, fabricación o copyright |
1951. |
| 300 ## - DESCRIPCIÓN FÍSICA |
| Extensión |
257 páginas ; |
| Dimensiones |
23 cm. |
| 336 ## - TIPO DE CONTENIDO |
| Término de tipo de contenido |
texto |
| Código de tipo de contenido |
txt |
| Fuente |
rdacontent |
| 337 ## - TIPO DE MEDIO |
| Nombre/término del tipo de medio |
sin mediación |
| Fuente |
rdamedia |
| Código del tipo de medio |
n |
| 338 ## - TIPO DE SOPORTE |
| Nombre/término del tipo de soporte |
volumen |
| Código del tipo de soporte |
nc |
| Fuente |
rdacarrier |
| 500 ## - NOTA GENERAL |
| Nota general |
Incluye referencias bibliográficas y notas al pie de las páginas |
| 500 ## - NOTA GENERAL |
| Nota general |
Capuchino, comendador de la orden de Isabel la Católica, miembro de número de la Academia Dominicana de la Historia, vocal de la Comisión de Honor del Congreso de Estudios Hispanoamericanos del seminario de Problemas Hispanoamericanos de Madrid. |
| 533 ## - NOTA DE REPRODUCCIÓN |
| Lugar de la reproducción |
Santo Domingo |
| Institución responsable de la reproducción |
Banco Central de la República Dominicna |
| Fecha de la reproducción |
2000 |
| 590 ## - NOTA LOCAL (RLIN) |
| Nota local |
Inventariado, 2024/BT |
| 600 #4 - PUNTO DE ACCESO ADICIONAL DE MATERIA--NOMBRE DE PERSONA |
| Nombre de persona |
Cipriano de Utrera, |
| Títulos y otros términos asociados al nombre |
Fray, |
| Fechas asociadas al nombre |
1886-1958 |
| 9 (RLIN) |
38873 |
| 650 #4 - PUNTO DE ACCESO ADICIONAL DE MATERIA--TÉRMINO DE MATERIA |
| Término de materia o nombre geográfico como elemento de entrada |
Monedas |
| 9 (RLIN) |
19593 |
| 650 #4 - PUNTO DE ACCESO ADICIONAL DE MATERIA--TÉRMINO DE MATERIA |
| Término de materia o nombre geográfico como elemento de entrada |
Historia colonial |
| 9 (RLIN) |
19594 |
| 700 1# - PUNTO DE ACCESO ADICIONAL--NOMBRE DE PERSONA |
| Nombre de persona |
Cipriano, |
| Títulos y otros términos asociados al nombre |
de Utrera |
| Fechas asociadas al nombre |
1886-1958 |
| Término indicativo de función/relación |
introducción y notas |
| 9 (RLIN) |
50420 |
| 942 ## - ELEMENTOS DE PUNTO DE ACCESO ADICIONAL (KOHA) |
| Fuente del sistema de clasificación o colocación |
Dewey Decimal Classification |
| Tipo de ítem Koha |
Libro |